Città per foto storiche - Statistics

Statistiche generali
  • Questo quiz è stato fatto 541 volte
  • Il punteggio medio è 6 su 12
Statistiche sulle risposte
con Immagini Risposta % Corretto
Londra
96%
Roma
89%
Parigi
87%
Torino
87%
New York
71%
Tokyo
68%
San Pietroburgo
23%
Istanbul
21%
Rio de Janeiro
17%
San Francisco
11%
Amburgo
7%
Dresda
7%
Nessun quiz corrispondente trovato
Distribuzione punteggi
Percentuale di utenti per punteggio
Percentile per numero di risposta
I tuoi punteggi nel tempo
Non hai fatto questo quiz